Làm quen kinh tế học qua biếm họa

Tên sách tiếng Anh: The cartoon introduction to economics; Cung cấp những kiến thức cơ bản về kinh tế học vi mô thông qua tranh biếm họa

Tallennettuna:
Bibliografiset tiedot
Päätekijä: Klein, Grady
Muut tekijät: Bauman, Yoram
Aineistotyyppi: Kirja
Kieli:Undetermined
Julkaistu: H. Thế giới; Công ty Văn hóa và Truyền thông Nhã Nam 2016
Aiheet:
Linkit:http://lrc.tdmu.edu.vn/opac/search/detail.asp?aID=2&ID=30181
Tagit: Lisää tagi
Ei tageja, Lisää ensimmäinen tagi!
Thư viện lưu trữ: Trung tâm Học liệu Trường Đại học Thủ Dầu Một
LEADER 00912nam a2200217Ia 4500
001 TDMU_30181
008 210410s9999 xx 000 0 und d
082 |a 807 
090 |b K201 
100 |a Klein, Grady 
245 0 |a Làm quen kinh tế học qua biếm họa 
245 0 |c Grady Klein, Yoram Bauman; Lê Khánh Toàn (dịch) 
260 |a H. 
260 |b Thế giới; Công ty Văn hóa và Truyền thông Nhã Nam 
260 |c 2016 
300 |a 212tr. 
520 |a Tên sách tiếng Anh: The cartoon introduction to economics; Cung cấp những kiến thức cơ bản về kinh tế học vi mô thông qua tranh biếm họa 
650 |a Kinh tế vi mô  |x Biếm họa 
700 |a Bauman, Yoram 
856 |u http://lrc.tdmu.edu.vn/opac/search/detail.asp?aID=2&ID=30181 
980 |a Trung tâm Học liệu Trường Đại học Thủ Dầu Một